Restauração florestal em cadeias agropecuárias para adequação ao Código Florestal: análise econômica de oito estados brasileiros (Registro n. 8928)
[ somente texto ]
| 000 -LÍDER | |
|---|---|
| Campo de controle fixo | 00931nam a22003137a 4500 |
| 001 - NÚMERO DE CONTROLE | |
| Número de controle | BR2023000296 |
| 003 - CÓDIGO MARC DA AGÊNCIA CATALOGADORA | |
| Campo de controle | BR-BrBNA |
| 005 - DATA E HORA DA ÚLTIMA ATUALIZAÇÃO | |
| Campo de controle | 20230508153407.0 |
| 008 - CAMPO DE TAMANHO FIXO | |
| Campo fixo de controle | 230420b bl.||||| |||| 00| 0 por d |
| 040 ## - FONTE DA CATALOGAÇÃO | |
| Agência catalogadora | BR-BrBNA |
| Idioma da catalogação | por |
| 041 ## - CÓDIGO DO IDIOMA | |
| Código do Idioma | por |
| 072 ## - CATEGORIA AGRIS | |
| Código da categoria de assunto | P01 ; K10 ; E16 |
| Código do objeto | 3000 |
| 090 ## - NÚMERO DE CHAMADA | |
| Número de Chamada | 3000 BR2023000297 |
| Código do objeto | 3000 |
| 100 ## - ENTRADA PRINCIPAL - NOME PESSOAL | |
| Nome pessoal | Antoniazzi, Laura |
| 100 ## - ENTRADA PRINCIPAL - NOME PESSOAL | |
| Nome pessoal | Sartorelli, Paolo |
| 100 ## - ENTRADA PRINCIPAL - NOME PESSOAL | |
| Nome pessoal | Costa, Karine |
| 100 ## - ENTRADA PRINCIPAL - NOME PESSOAL | |
| Nome pessoal | Basso, Iara |
| 245 ## - TÍTULO PRINCIPAL | |
| Título principal | Restauração florestal em cadeias agropecuárias para adequação ao Código Florestal: análise econômica de oito estados brasileiros |
| Subtítulo | Sumário Executivo |
| 260 ## - IMPRENTA (PUBLICAÇÃO, DISTRIBUIÇÃO, ETC.) | |
| Lugar de publicação, distribuição, etc. | São Paulo, SP (Brazil) : |
| Nome do editor, distribuidor, etc. | INPUT, |
| Data de publicação, distribuição, etc | 2016 |
| 300 ## - DESCRIÇÃO FÍSICA | |
| Extensão | 35 p. |
| 500 ## - NOTA GERAL | |
| Notas gerais | 19 illus. |
| 650 ## - ASSUNTO - THESAGRO | |
| Cabeçalho tópico ou nome geográfico | FLORESTA |
| 650 ## - ASSUNTO - THESAGRO | |
| Cabeçalho tópico ou nome geográfico | SILVICULTURA |
| 650 ## - ASSUNTO - THESAGRO | |
| Cabeçalho tópico ou nome geográfico | REGENERAÇÃO NATURAL |
| 650 ## - ASSUNTO - THESAGRO | |
| Cabeçalho tópico ou nome geográfico | CUSTO OPERACIONAL |
| 650 ## - ASSUNTO - THESAGRO | |
| Cabeçalho tópico ou nome geográfico | LEGISLAÇÃO |
| 909 ## - IDENTIFICAÇÃO DO CATALOGADOR | |
| Ano e mês da catalogação (aaaamm) | 202304 |
| Identificação do catalogador | Fernando Magalhães |
| 942 ## - TIPO ESPECÍFICO | |
| Tipo de material | Livros |
| 952 ## - LOCATION AND ITEM INFORMATION (KOHA) | |
| -- | 2023-04-20 |
| Status de empréstimo | Fonte de classificação | Status de danificação | Não pode ser emprestado | Código da coleção | Localização permanente | Localização atual | Localização na estante | Total Checkouts | Número de chamada | Código de barras | Tipo de material |
|---|---|---|---|---|---|---|---|---|---|---|---|
| Classificação AGRIS | Agrobase | Biblioteca Nacional de Agricultura - Binagri | Biblioteca Nacional de Agricultura - Binagri | Agrobase - Acervo Geral | 3000 BR2023000297 | 2023-435509 | Livros |

BINAGRI